Normal view
MARC view
- Bugṭī, ʻAzīz Muḥammad,
Entry Personal Name
001 - CONTROL NUMBER
- control field: 4553
003 - CONTROL NUMBER IDENTIFIER
- control field: NUST
005 - DATE AND TIME OF LATEST TRANSACTION
- control field: 20170912105506.0
008 - FIXED-LENGTH DATA ELEMENTS
- fixed length control field: 170912|| aca||aabn | a|a d
040 ## - CATALOGING SOURCE
- Original cataloging agency: NUST
- Transcribing agency: NUST
100 ## - HEADING--PERSONAL NAME
- Personal name: Bugṭī, ʻAzīz Muḥammad,
- Dates associated with a name: 1949-
670 ## - SOURCE DATA FOUND
- Source citation: Work cat.: (NUST)0: Bugṭī, ʻAzīz Muḥammad, 1949-, Balochistān :, 2003.
